Online
Catalog

Un aspecto de la pacificación de América (1810-1814) / (Record no. 36214)

MARC details
000 -CABECERA
campo de control de longitud fija 00459nam a2200133 a 4500
001 - NÚMERO DE CONTROL
campo de control 000036723
005 - FECHA Y HORA DE LA ÚLTIMA TRANSACCIÓN
campo de control 20200930075910.0
008 - DATOS DE LONGITUD FIJA--INFORMACIÓN GENERAL
campo de control de longitud fija 120126s1964 ve 000 0 spa d
040 ## - FUENTE DE LA CATALOGACIÓN
Centro catalogador/agencia de origen DO-SdBNP
Lengua de catalogación spa
Centro/agencia transcriptor BNPHU
100 1# - ENTRADA PRINCIPAL--NOMBRE DE PERSONA
Nombre de persona López Guedez, Horacio
9 (RLIN) 60864
245 13 - MENCIÓN DE TÍTULO
Título Un aspecto de la pacificación de América (1810-1814) /
Mención de responsabilidad, etc. Horacio López Guedez.
260 ## - PUBLICACIÓN, DISTRIBUCIÓN, ETC.
Lugar de publicación, distribución, etc. Merida :
Nombre del editor, distribuidor, etc. Biblioteca de la Facultad de Humanidades y Educación,
Fecha de publicación, distribución, etc. 1964.
300 ## - DESCRIPCIÓN FÍSICA
Extensión 90 p. ;
Dimensiones 23 cm.
Holdings
Estado de retiro Estado de pérdida Restricciones de uso No para préstamo Código de colección Localización permanente Ubicación/localización actual Ubicación en estantería Fecha de adquisición Número de inventario Total de préstamos Signatura topográfica completa Código de barras Fecha visto por última vez Precio válido a partir de Tipo de ítem Koha
      Excluido de préstamo Monografías: Libros y Folletos General General En catalogación 26.01.2012 LF1   36723-10 25.06.2020 25.06.2020 No se presta

Powered by Koha